LIBRARY & INFORMATION CENTRE, KCAET, TAVANUR

ONLINE PUBLIC ACCESS CATALOGUE (OPAC)

Electrical machinery: Theory, performance and application / (Record no. 10293)

MARC details
000 -LEADER
fixed length control field 00546cam a2200217ua 4500
041 ## - LANGUAGE CODE
Language code of text/sound track or separate title eng
082 ## - DEWEY DECIMAL CLASSIFICATION NUMBER
Classification number 621.310 42
Item number BIM/EL
100 ## - MAIN ENTRY--AUTHOR NAME
Personal name Bimbhra, P S .
245 ## - TITLE STATEMENT
Title Electrical machinery: Theory, performance and application /
250 ## - EDITION STATEMENT
Edition statement 4 /
260 ## - PUBLICATION, DISTRIBUTION, ETC. (IMPRINT)
Place of publication Delhi :
Name of publisher Khanna publishers ,
Year of publication 1995.
300 ## - PHYSICAL DESCRIPTION
Number of Pages 1031 ; .
500 ## - GENERAL NOTE
General note *CSS
942 ## - ADDED ENTRY ELEMENTS (KOHA)
Koha item type Books

No items available.

free website counter